[Event "Ogolnopolska Olimpiada Mlodziezy w Sportach Umyslowych - C14"]
[Site "Walbrzych, Zamek Ksiaz"]
[Date "2013-04-17"]
[Round "4.6"]
[White "Adamczewski, Maciej"]
[Black "Klepek, Witold"]
[Result "1-0"]
[WhiteTitle "I"]
[BlackTitle "I"]
[WhiteElo "1810"]
[BlackElo "1739"]

1. d4 Nf6 2. c4 c5 3. Nf3 e6 4. d5 exd5 5. cxd5 d6 6. Nc3 g6 7. Bg5 Bg7 8. g3 O-O
9. Bg2 a6 10. a4 Qc7 11. O-O Nbd7 12. Rc1 Rb8 13. b4 b5 14. axb5 axb5 15. bxc5
Nxc5 16. Nd4 b4 17. Ncb5 Qd7 18. Nxd6 Qxd6 19. Bf4 Qb6 20. Bxb8 Bf5 21. Be5 Be4
22. Nc6 Bxg2 23. Kxg2 Ncd7 24. Bd6 Re8 25. Bxb4 Qb5 26. Ne7+ Kh8 27. Rb1 Qc4 28.
Qd3 Qg4 29. f3 Qh5 30. Bd6 g5 31. Qf5 Nf8 32. e4 Ra8 33. Rf2 Qh6 34. Rb8 Rxb8
35. Bxb8 g4 36. fxg4 Qe3 37. Be5 Qxe4+ 38. Qxe4 Nxe4 39. Rxf7 Bxe5 40. Rxf8+ Kg7
41. Ra8 Bd6 42. Nf5+ 1-0

[Event "Ogolnopolska Olimpiada Mlodziezy w Sportach Umyslowych - C14"]
[Site "Walbrzych, Zamek Ksiaz"]
[Date "2013-04-17"]
[Round "4.7"]
[White "Januszkiewicz, Wojciech"]
[Black "Zaleski, Lukasz"]
[Result "1/2-1/2"]
[WhiteTitle "I"]
[BlackTitle "I"]
[WhiteElo "1729"]
[BlackElo "1791"]

1. d4 Nf6 2. f3 e6 3. e4 d5 4. Nc3 Be7 5. Be3 O-O 6. Qd2 b6 7. O-O-O Bb7 8. exd5
Nxd5 9. Nxd5 Qxd5 10. c4 Qd7 11. Bd3 Bf6 12. f4 g6 13. Nf3 Qa4 14. Kb1 Na6 15.
Ne5 Rad8 16. Bc2 Qb4 17. Qe2 Qe7 18. a3 c5 19. h4 cxd4 20. Bxd4 Rd6 21. h5 Rfd8
22. Qe3 Nb8 23. hxg6 fxg6 24. Bc3 Rxd1+ 25. Bxd1 Bxg2 26. Rg1 Qc5 27. Qe1 Be4+
28. Ka2 Bxe5 29. Bxe5 Bf5 30. Qh4 Rd3 31. Qf6 Qxc4+ 32. b3 Rd2+ 33. Bb2 Rxb2+
34. Qxb2 Qxf4 35. Be2 Nc6 36. Rd1 Qe5 37. Qd2 Qe4 38. Bc4 Kg7 39. Bd3 Qe5 40.
Bxf5 exf5 41. Re1 Qd4 42. Qc2 Ne5 1/2-1/2

[Event "Ogolnopolska Olimpiada Mlodziezy w Sportach Umyslowych - C14"]
[Site "Walbrzych, Zamek Ksiaz"]
[Date "2013-04-17"]
[Round "4.8"]
[White "Mockun, Dawid"]
[Black "Nowak, Kamil"]
[Result "1-0"]
[WhiteTitle "II+"]
[BlackTitle "II+"]
[WhiteElo "1749"]
[BlackElo "1728"]

1. d4 d5 2. e3 Nf6 3. c4 c6 4. Bd3 e6 5. Nc3 Nbd7 6. Nf3 Bd6 7. O-O dxc4 8. Bxc4
b5 9. Bd3 O-O 10. e4 e5 11. Ne2 Bb7 12. Bg5 h6 13. Bh4 a6 14. Bg3 Nh5 15. Bxe5
Bxe5 16. Nxe5 Nxe5 17. dxe5 g6 18. Qd2 Kh7 19. Qe3 Qe7 20. f4 c5 21. Bc2 Ng7 22.
Nc3 Rad8 23. Rad1 Ne6 24. Nd5 Bxd5 25. exd5 Nd4 26. Be4 f6 27. b4 f5 28. bxc5
Qxc5 29. Qxd4 Qxd4+ 30. Rxd4 fxe4 31. d6 e3 32. Re1 e2 33. Rxe2 1-0

[Event "Ogolnopolska Olimpiada Mlodziezy w Sportach Umyslowych - C14"]
[Site "Walbrzych, Zamek Ksiaz"]
[Date "2013-04-17"]
[Round "4.9"]
[White "Kotarski, Bartosz"]
[Black "Witczak, Jakub"]
[Result "0-1"]
[WhiteTitle "II"]
[BlackTitle "II+"]
[WhiteElo "1449"]
[BlackElo "1749"]

1. c4 e5 2. Nc3 d6 3. g3 f5 4. d3 Nf6 5. Bg5 Be7 6. Bg2 O-O 7. e3 Nbd7 8. Nge2
h6 9. Bxf6 Nxf6 10. Qb3 Kh8 11. d4 c6 12. Rd1 Qb6 13. Qc2 Be6 14. c5 Qc7 15. cxd6
Bxd6 16. dxe5 Bxe5 17. f4 Bxc3+ 18. Qxc3 Qb6 19. Nd4 Bd5 20. O-O Bxg2 21. Kxg2
Ne4 22. Qc2 Rae8 23. h3 c5 24. Ne2 Rf6 25. Nc3 Nxc3 26. Qxc3 Rfe6 27. Rd7 Qc6+
0-1

[Event "Ogolnopolska Olimpiada Mlodziezy w Sportach Umyslowych - C14"]
[Site "Walbrzych, Zamek Ksiaz"]
[Date "2013-04-17"]
[Round "4.10"]
[White "Janiszewski, Filip"]
[Black "Czerniawski, Krzysztof"]
[Result "1-0"]
[WhiteTitle "I"]
[BlackTitle "I"]
[WhiteElo "1745"]
[BlackElo "1696"]

1. e4 c5 2. Nf3 d6 3. d4 cxd4 4. Nxd4 Nf6 5. f3 e5 6. Nb3 Be6 7. c4 Be7 8. Nc3
O-O 9. Be3 Nbd7 10. Be2 Rc8 11. Nd2 Nc5 12. b4 Ncd7 13. Qb3 a6 14. a4 Qc7 15.
O-O Rb8 16. Nd5 Bxd5 17. cxd5 Rfc8 18. Nc4 b6 19. Rfc1 Qb7 20. Qd1 Ne8 21. Qf1
Ra8 22. f4 Bf8 23. fxe5 dxe5 24. Bg4 Nef6 25. Bxd7 Nxd7 26. Rab1 Re8 27. Qf2 Rab8
28. Rf1 Nf6 29. Qf5 Rbc8 30. Nxb6 Rc3 31. Bf2 Qc7 32. a5 Rc2 33. Bh4 Be7 34. Bxf6
Bxf6 35. Nd7 Rd8 36. Nxf6+ gxf6 37. Qxf6 Rd6 38. Qxe5 Rxg2+ 39. Kh1 Rgg6 40. Rbc1
Qd7 41. Rc2 Qg4 42. Qe8+ Kg7 43. Rxf7+ Kh6 44. Qf8+ Kh5 45. Rf5+ Rg5 46. Rxg5+
Kxg5 47. Rg2 1-0

[Event "Ogolnopolska Olimpiada Mlodziezy w Sportach Umyslowych - C14"]
[Site "Walbrzych, Zamek Ksiaz"]
[Date "2013-04-17"]
[Round "4.11"]
[White "Kaczkowski, Maciej"]
[Black "Choina, Michal"]
[Result "1/2-1/2"]
[WhiteTitle "II"]
[BlackTitle "II"]
[WhiteElo "1651"]
[BlackElo "1575"]

1. d4 Nf6 2. Bg5 d6 3. Nc3 Bf5 4. f3 Nbd7 5. e4 Bg6 6. Bc4 e6 7. Nge2 h6 8. Bh4
Bh7 9. Qd2 Be7 10. Bf2 c6 11. a4 Qc7 12. O-O O-O 13. Ng3 e5 14. d5 c5 15. Nd1
Rfd8 16. Ne3 Bf8 17. Ne2 Nb6 18. Nc3 Nxc4 19. Nxc4 a6 20. a5 Rab8 21. Na4 Nd7
22. Bh4 Re8 23. c3 f6 24. Rac1 Be7 25. Bf2 Red8 26. Rc2 f5 27. Qe1 fxe4 28. fxe4
Nf6 29. Re2 Qd7 30. Nab6 Qb5 31. b4 cxb4 32. cxb4 Rf8 33. Bh4 Rbd8 34. Bxf6 Rxf6
35. Rxf6 Bxf6 36. g3 Be7 37. Rf2 Rf8 38. Rxf8+ Kxf8 39. Kf2 Bd8 40. Ke3 Bg6 41.
Qf2+ Kg8 42. Qe1 Bh5 43. Kf2 Bf7 44. Qc3 Bh5 45. h3 Bxb6+ 46. axb6 Qd7 47. g4
Bg6 48. Qe3 Kh7 49. Kg3 h5 50. gxh5 Bxh5 51. Kg2 g6 52. Kg3 Qe7 53. Na5 g5 54.
Nc4 Bg6 55. Kg2 Kg7 56. Kg3 Kh7 57. Kg2 Bh5 58. Qf2 Bg6 1/2-1/2

[Event "Ogolnopolska Olimpiada Mlodziezy w Sportach Umyslowych - C14"]
[Site "Walbrzych, Zamek Ksiaz"]
[Date "2013-04-17"]
[Round "4.12"]
[White "Bilczewski, Kacper"]
[Black "Fukowski, Pawel"]
[Result "1/2-1/2"]
[WhiteTitle "I"]
[BlackTitle "I"]
[WhiteElo "1791"]
[BlackElo "1641"]

1. e4 e6 2. d4 d5 3. Nd2 Nf6 4. e5 Nfd7 5. c3 c5 6. Bd3 Nc6 7. Ne2 a5 8. O-O c4
9. Bc2 g6 10. f4 h5 11. Nf3 Be7 12. Qe1 b5 13. Qg3 Nf8 14. Ng5 b4 15. Ba4 Bd7
16. f5 gxf5 17. Nh3 Ng6 18. Nef4 h4 19. Qe3 Qb6 20. Bxc6 Qxc6 21. Nxg6 fxg6 22.
Ng5 Rh5 23. Nh3 O-O-O 24. Nf4 Bg5 25. Qe2 Bxf4 26. Bxf4 Qb6 27. Rfd1 Kb7 28. b3
Rc8 29. bxc4 Rxc4 30. cxb4 Rxb4 31. Qe3 Ba4 32. a3 Rb3 33. Qe1 g5 34. Be3 f4 35.
Bf2 Rh7 36. Rdb1 h3 37. Rxb3 Bxb3 38. Qc3 hxg2 39. Rb1 a4 40. Kxg2 g4 41. Rc1
Rc7 42. Qd2 Rf7 43. Qc3 Bc4 44. Qd2 Qb3 45. Rc3 Qb1 46. Rc1 Qe4+ 47. Kg1 g3 48.
Qb4+ Ka7 49. Qc5+ Ka8 50. Qc8+ Ka7 51. Qc5+ Kb8 52. Qd6+ Rc7 53. Qb6+ Rb7 54.
Qd8+ Ka7 55. Qa5+ Ba6 56. Qc5+ Rb6 57. hxg3 fxg3 58. Bxg3 Qf3 59. Bf2 1/2-1/2

[Event "Ogolnopolska Olimpiada Mlodziezy w Sportach Umyslowych - C14"]
[Site "Walbrzych, Zamek Ksiaz"]
[Date "2013-04-17"]
[Round "4.13"]
[White "Adamczyk, Pawel"]
[Black "Klementowski, Dawid"]
[Result "1-0"]
[WhiteTitle "II"]
[BlackTitle "I"]
[WhiteElo "1645"]
[BlackElo "1734"]

1. e4 c5 2. Nf3 Nc6 3. d4 cxd4 4. Nxd4 Nf6 5. Nc3 e5 6. Ndb5 d6 7. a4 a6 8. Na3
Be6 9. Bc4 Be7 10. Bg5 Rc8 11. Bxf6 Bxf6 12. O-O O-O 13. Nd5 Bg5 14. c3 Ne7 15.
Nxe7+ Bxe7 16. Bd5 Bxd5 17. Qxd5 Qc7 18. Nc2 Qb6 19. Qa2 Qc6 20. Rfe1 a5 21. Ne3
g6 22. Nd5 Bd8 23. Rad1 Kh8 24. Kh1 f5 25. f3 f4 26. b3 g5 27. Rd2 Rg8 28. Red1
Rg6 29. c4 h5 30. Qb2 Kh7 31. Rg1 g4 32. Rdd1 Qc5 33. Qe2 Qc6 34. Rdf1 Qd7 35.
g3 fxg3 36. fxg4 Rxg4 37. Rxg3 Rxg3 38. Qxh5+ Kg7 39. hxg3 Qe6 40. Ne3 Rc7 41.
Nf5+ Kg8 42. Qg4+ Kh8 43. Kg2 Rh7 44. Rh1 Qf6 45. Rxh7+ Kxh7 46. Qh5+ Kg8 47.
Qe8+ Qf8 48. Qg6+ Kh8 49. Nxd6 Qg7 50. Nf7+ Kg8 51. Qxg7+ Kxg7 52. Nxd8 b6 53.
Nc6 Kf6 54. Na7 Ke6 55. Nc8 Kd7 56. Nxb6+ Kc6 57. Nd5 Kc5 58. g4 Kd4 59. g5 Kxe4
60. g6 Kd4 1-0

[Event "Ogolnopolska Olimpiada Mlodziezy w Sportach Umyslowych - C14"]
[Site "Walbrzych, Zamek Ksiaz"]
[Date "2013-04-17"]
[Round "4.14"]
[White "Rudecki, Bartosz"]
[Black "Pham, Juliusz"]
[Result "0-1"]
[WhiteTitle "II"]
[BlackTitle "I"]
[WhiteElo "1649"]
[BlackElo "1795"]

1. e4 e5 2. Nf3 Nc6 3. Bb5 a6 4. Ba4 Nf6 5. O-O b5 6. Bb3 Bc5 7. d3 d6 8. c3 Bb7
9. Be3 Ba7 10. Nbd2 O-O 11. Re1 Re8 12. Nf1 d5 13. Ng3 Qd7 14. Bxa7 Rxa7 15. exd5
Nxd5 16. d4 Nf4 17. dxe5 Qg4 18. h3 Qg6 19. Re4 Rd8 20. Nd4 Nxd4 21. Rxd4 Rxd4
22. cxd4 Bxg2 23. d5 Bxh3 24. e6 Bg4 25. exf7+ Kf8 26. Qe1 Ne2+ 27. Kg2 c5 28.
f3 Nf4+ 29. Kg1 Re7 30. Qa5 Ne2+ 31. Kf2 Qd6 32. Nh1 Qh2+ 33. Ke1 Nc3+ 0-1

[Event "Ogolnopolska Olimpiada Mlodziezy w Sportach Umyslowych - C14"]
[Site "Walbrzych, Zamek Ksiaz"]
[Date "2013-04-17"]
[Round "4.15"]
[White "Snihur, Adam"]
[Black "Fudalej, Slawomir"]
[Result "1-0"]
[WhiteTitle "II"]
[BlackTitle "II+"]
[WhiteElo "1683"]
[BlackElo "1620"]

1. e4 e5 2. Nf3 Nc6 3. Bc4 Bc5 4. c3 Nf6 5. b4 Bd6 6. d3 Qe7 7. O-O O-O 8. a4 b6
9. a5 bxa5 10. b5 Nd8 11. Rxa5 Nb7 12. Ra2 Nc5 13. Re1 Bb7 14. Nbd2 Ne6 15. Nf1
c6 16. Ng3 g6 17. bxc6 Bxc6 18. d4 Ng7 19. dxe5 Bxe5 20. Ba3 d6 21. Nxe5 Qxe5
22. Bxd6 Qxc3 23. Bxf8 Qxc4 24. Bxg7 Kxg7 25. Qc2 Qxc2 26. Rxc2 Bb5 27. Ra1 Bd3
28. Rca2 Nxe4 29. Nxe4 Bxe4 30. Rxa7 Rxa7 31. Rxa7 h5 32. f3 Bf5 33. Kf2 Kf6 34.
Ke3 Be6 35. Ra5 Bd7 36. Kf4 Be6 37. Ra6 Kg7 38. Ke5 Bc4 39. Rc6 Bf1 40. g3 Be2
41. Rc3 Bb5 42. f4 Bd7 43. Rc7 Bg4 44. Rc1 Be6 45. Rh1 Bh3 46. Rg1 Bg4 47. Rf1
Bh3 48. Rf2 Bf5 49. Rb2 Bh3 50. Rb6 Bg4 51. Rf6 Bd7 52. Rd6 Bg4 53. Kd4 Be6 54.
Kc5 Bg4 55. Kd4 Be6 56. Ke3 Bg4 57. Kf2 Bh3 58. Kg1 Kf8 59. Kf2 Kg7 60. Ke3 Bg4
61. Kd4 Be6 62. Kc5 Bg4 63. Kc6 Bf5 64. Kc7 Bh3 65. Kd8 Kf8 66. Rf6 Bg4 67. Rb6
Bf5 68. Kc7 Kg7 69. Kd6 Bg4 70. Ke7 Bf5 71. Rf6 Kg8 72. Rxf5 gxf5 73. Kf6 Kf8
74. Kxf5 Kg7 75. Kg5 f6+ 76. Kxh5 Kh7 77. g4 Kg7 78. h4 Kh7 79. f5 Kg7 80. g5
Kf7 81. Kh6 fxg5 82. hxg5 1-0

[Event "Ogolnopolska Olimpiada Mlodziezy w Sportach Umyslowych - C14"]
[Site "Walbrzych, Zamek Ksiaz"]
[Date "2013-04-17"]
[Round "4.16"]
[White "Domanski, Lukasz"]
[Black "Badyra, Wasyl"]
[Result "0-1"]
[WhiteTitle "II"]
[BlackTitle "II"]
[WhiteElo "1637"]
[BlackElo "1681"]

1. e4 d5 2. exd5 Nf6 3. d4 Nxd5 4. Nf3 g6 5. Be2 Bg7 6. O-O O-O 7. c4 Nb6 8. Be3
Bg4 9. h3 Bxf3 10. Bxf3 c6 11. Be2 c5 12. Qd2 cxd4 13. Bf4 e5 14. Bh6 f5 15. Bxg7
Kxg7 16. Rd1 Qc7 17. Na3 Nc6 18. Nb5 Qe7 19. f4 a6 20. Na3 e4 21. Bf1 Rad8 22.
Rac1 d3 23. Qe3 Nd7 24. Rd2 Qc5 25. Qxc5 Nxc5 26. Re1 Rfe8 27. Re3 Ne6 28. g3
Ned4 29. Kf2 Nb4 30. h4 Ndc2 31. Nxc2 dxc2 0-1

[Event "Ogolnopolska Olimpiada Mlodziezy w Sportach Umyslowych - C14"]
[Site "Walbrzych, Zamek Ksiaz"]
[Date "2013-04-17"]
[Round "4.18"]
[White "Michalski, Filip"]
[Black "Szulc, Filip"]
[Result "0-1"]
[WhiteTitle "II"]
[BlackTitle "II+"]
[WhiteElo "1665"]
[BlackElo "1615"]

1. d4 d5 2. c4 dxc4 3. Nf3 a6 4. e3 e6 5. Bxc4 c5 6. O-O Nf6 7. Qe2 b5 8. Bb3 Bb7
9. Rd1 Nbd7 10. Nc3 c4 11. Bc2 Be7 12. e4 O-O 13. e5 Nd5 14. Qe4 g6 15. Qg4 Nxc3
16. bxc3 Bxf3 17. Qxf3 Nb6 18. Bh6 Re8 19. Qg3 Nd5 20. f4 Qa5 21. f5 Qxc3 22.
fxe6 fxe6 23. Qg4 Bg5 24. Bxg6 hxg6 25. Qxg5 Qc2 26. Rf1 Ra7 27. h4 Kh7 28. Bf8
Qe4 29. Qh6+ Kg8 30. Bc5 Rc7 31. Rae1 Qg4 32. Rf2 Qh5 33. Rf8+ Rxf8 34. Qxf8+
Kh7 35. g3 Qg4 36. Kh2 Qf5 37. Qxf5 gxf5 38. Kg2 b4 39. Kf3 a5 40. Rc1 c3 41.
Ke2 a4 42. Kd3 Rg7 43. Kc4 Rb7 44. Kd3 b3 45. axb3 axb3 46. Ba3 Ra7 47. Bc5 b2
48. Rb1 Ra1 0-1

[Event "Ogolnopolska Olimpiada Mlodziezy w Sportach Umyslowych - C14"]
[Site "Walbrzych, Zamek Ksiaz"]
[Date "2013-04-17"]
[Round "4.19"]
[White "Bandyk, Sebastian"]
[Black "Belczewski, Jacek"]
[Result "0-1"]
[WhiteTitle "II+"]
[BlackTitle "II+"]
[WhiteElo "1582"]
[BlackElo "1650"]

1. e4 e6 2. d4 d5 3. Nc3 Bb4 4. Bd3 dxe4 5. Bxe4 Nf6 6. Bf3 Nd5 7. Nge2 Nd7 8.
O-O N7f6 9. Bd2 Be7 10. Nxd5 exd5 11. Nf4 O-O 12. Re1 c6 13. a3 Bd6 14. c3 Qc7
15. g3 Bf5 16. Bg2 Rfe8 17. Qb3 Ne4 18. Be3 Qb6 19. Qxb6 axb6 20. Re2 Re7 21.
Rae1 Rae8 22. Bc1 Nf6 23. Rxe7 Rxe7 24. Rxe7 Bxe7 25. Kf1 Bd6 26. Ke2 Kf8 27.
h3 Ke7 28. g4 Bb1 29. Nd3 Ke6 30. f4 g6 31. Ne5 Ne4 32. Bxe4 Bxe4 33. g5 Bg2 34.
h4 f6 35. Ng4 fxg5 36. hxg5 Be4 37. Kf2 Be7 38. Kg3 c5 39. Be3 Bf5 40. Ne5 Bd6
41. Nf3 Be4 42. Bc1 Bxf3 43. Kxf3 Kf5 44. Be3 Bf8 45. Bd2 cxd4 46. cxd4 h6 47.
gxh6 Bxh6 48. Be3 Bg7 49. Bf2 Bf6 50. Be3 Bh4 51. Bd2 Bf6 52. Be3 Bg7 53. Bf2
g5 54. fxg5 Kxg5 55. Ke3 Kg4 56. Kd3 Bh6 57. Be1 Kf3 58. Bb4 Bc1 59. Kc2 Be3 60.
Kd3 b5 61. Bc5 Bf2 62. Bb6 Be1 63. b3 Bf2 64. Bc5 Be3 65. Bb6 Bc1 66. a4 b4 67.
Bc5 Ba3 68. Bb6 Kf2 69. Kd2 Bb2 70. Bc5 Bc3+ 71. Kc2 Ke3 72. a5 Ke4 73. Kd1 Kd3
74. Kc1 Bxd4 75. Bxb4 Bc3 76. Bc5 Bxa5 77. b4 Bc7 78. Kd1 b5 79. Kc1 Be5 80. Kb1
Bc3 81. Kc1 Kc4 82. Kc2 Bxb4 83. Bf2 d4 84. Bh4 d3+ 85. Kd1 Bc3 86. Bg5 b4 87.
Bc1 d2 0-1

[Event "Ogolnopolska Olimpiada Mlodziezy w Sportach Umyslowych - C14"]
[Site "Walbrzych, Zamek Ksiaz"]
[Date "2013-04-17"]
[Round "4.20"]
[White "Molenda, Mikolaj"]
[Black "Krasinski, Mateusz"]
[Result "0-1"]
[WhiteTitle "II"]
[BlackTitle "II"]
[WhiteElo "1346"]
[BlackElo "1646"]

1. e4 c5 2. Nf3 d6 3. c3 Nf6 4. h3 Nc6 5. Bd3 Ne5 6. Bc2 Nxf3+ 7. Qxf3 e5 8. O-O
Be7 9. Rd1 O-O 10. d4 cxd4 11. cxd4 exd4 12. Rxd4 Qb6 13. Rd1 Be6 14. Nc3 Rac8
15. b3 Nd7 16. Bb2 Ne5 17. Qe2 Bf6 18. Rac1 Qa5 19. Nb5 Qxa2 20. Bxe5 Bxe5 21.
Nxd6 Bxd6 22. Rxd6 Bxb3 23. Rd2 Bxc2 24. Rdxc2 Rxc2 25. Rxc2 Qa1+ 26. Kh2 Qe5+
27. Kg1 a5 28. Rb2 Rb8 29. Rb5 Qa1+ 30. Kh2 b6 31. Qc2 h6 32. Qc7 Re8 33. Qxb6
a4 34. Qe3 Ra8 35. Rc5 a3 36. Qc1 Qf6 37. Rc3 a2 38. Rc8+ Rxc8 39. Qxc8+ Kh7 40.
Qc2 a1=Q 41. e5+ Qg6 0-1

[Event "Ogolnopolska Olimpiada Mlodziezy w Sportach Umyslowych - C14"]
[Site "Walbrzych, Zamek Ksiaz"]
[Date "2013-04-17"]
[Round "4.21"]
[White "Kozakow, Aleksy"]
[Black "Szustakowski, Antoni"]
[Result "0-1"]
[WhiteTitle "II+"]
[BlackTitle "II"]
[WhiteElo "1619"]
[BlackElo "1531"]

1. Nf3 Nf6 2. e3 g6 3. b3 Bg7 4. Bb2 d5 5. Be2 c5 6. O-O O-O 7. d3 Nc6 8. c4 b6
9. a3 dxc4 10. bxc4 Bb7 11. Qc2 Qc7 12. Nc3 Rfd8 13. Rfd1 Rac8 14. d4 cxd4 15.
exd4 Ng4 16. d5 Nd4 17. Qd3 Nxe2+ 18. Qxe2 Qxc4 19. Qxe7 Bxd5 20. Nxd5 Bxb2 21.
Ng5 Nh6 22. Nf6+ Bxf6 23. Rxd8+ Rxd8 24. Qxf6 Rc8 25. h3 Qc3 26. Ne4 Qxf6 27.
Nxf6+ Kg7 28. Ne4 Rc4 29. Nd6 Ra4 30. g4 f5 31. f3 fxg4 32. hxg4 Nf7 33. Ne8+
Kf8 34. Nf6 Rf4 35. Nd7+ Ke7 36. Nb8 Rxf3 37. Nc6+ Kd6 38. Nxa7 Rg3+ 39. Kf2 Rxg4
40. Nc8+ Kc7 41. Rc1+ Kb7 42. Ne7 h5 43. Nd5 Ne5 0-1

[Event "Ogolnopolska Olimpiada Mlodziezy w Sportach Umyslowych - C14"]
[Site "Walbrzych, Zamek Ksiaz"]
[Date "2013-04-17"]
[Round "4.22"]
[White "Slomczewski, Michal"]
[Black "Pytel, Przemyslaw"]
[Result "1/2-1/2"]
[WhiteTitle "II"]
[BlackTitle "II"]
[WhiteElo "1541"]
[BlackElo "1389"]

1. e4 c5 2. f4 e6 3. Nf3 Nc6 4. d3 g6 5. g3 Bg7 6. Bg2 Nge7 7. Nbd2 d6 8. Nb3 O-O
9. c3 b6 10. O-O Ba6 11. Re1 d5 12. e5 Nf5 13. d4 cxd4 14. Nfxd4 Ncxd4 15. Nxd4
Nxd4 16. Qxd4 Rc8 17. b3 Qc7 18. Bb2 Rfd8 19. Qa4 Bb7 20. Rac1 Bf8 21. Kh1 Bc6
22. Qd4 Bc5 23. Qd3 Qb7 24. b4 Be7 25. Qd4 Bb5 26. g4 Qd7 27. f5 Rc4 28. Qf2 Rxg4
29. f6 Bf8 30. Ra1 d4 31. Qf3 Rxg2 32. Kxg2 Bc6 33. Re4 dxc3 34. Bxc3 Qd3 35.
Rae1 Qxf3+ 36. Kxf3 Bh6 37. Kf2 Bxe4 38. Rxe4 Rc8 39. Be1 Rc2+ 40. Kg3 Rc1 41.
b5 Bg5 42. h4 Bh6 43. Bb4 Bf8 44. Bd2 Rc2 45. Rd4 Rc8 46. Rd7 1/2-1/2

[Event "Ogolnopolska Olimpiada Mlodziezy w Sportach Umyslowych - C14"]
[Site "Walbrzych, Zamek Ksiaz"]
[Date "2013-04-17"]
[Round "4.23"]
[White "Tylenda, Krzysztof"]
[Black "Ruttar, Lukasz"]
[Result "0-1"]
[WhiteTitle "II+"]
[BlackTitle "II"]
[WhiteElo "1507"]
[BlackElo "1471"]

1. e4 e5 2. Nc3 Nf6 3. f4 d5 4. fxe5 Nxe4 5. Qf3 Nxc3 6. bxc3 Qh4+ 7. g3 Qe4+ 8.
Qxe4 dxe4 9. Bg2 Nc6 10. Bxe4 Nxe5 11. d4 f5 12. Bg2 Nc4 13. Bd5 Nb6 14. Bb3 c5
15. dxc5 Bxc5 16. Nf3 Bd7 17. Bf4 Bc6 18. Rf1 O-O-O 19. Be6+ Bd7 20. Bf7 Rhf8
21. Ne5 Bd6 22. Nxd7 Rxd7 23. Bxd6 Rfxf7 24. O-O-O Nc4 25. Bf4 g6 26. Rxd7 Rxd7
27. Re1 Nd6 28. Bxd6 Rxd6 29. Re7 Rd7 30. Re2 Kc7 31. Kb2 b6 32. Kb3 a6 33. c4
Kd6 34. Kb4 g5 35. Rd2+ Kc6 36. Rxd7 Kxd7 37. c5 Kc6 38. cxb6 Kxb6 39. Kc4 Kc6
40. a4 a5 41. Kd4 f4 42. gxf4 gxf4 43. Ke4 Kc5 44. c4 h6 45. Kxf4 Kxc4 46. Kf5
Kb4 47. Kg6 Kxa4 48. Kxh6 Kb4 49. h4 a4 50. h5 a3 51. Kh7 a2 52. h6 a1=Q 53. Kg8
Qg1+ 54. Kh8 Qd4+ 55. Kg8 Qd8+ 56. Kg7 Qg5+ 57. Kh7 Kc4 0-1

[Event "Ogolnopolska Olimpiada Mlodziezy w Sportach Umyslowych - C14"]
[Site "Walbrzych, Zamek Ksiaz"]
[Date "2013-04-17"]
[Round "5.1"]
[White "Winiarski, Mikolaj"]
[Black "Tomczak, Mikolaj"]
[Result "1/2-1/2"]
[WhiteTitle "I+"]
[BlackTitle "I+"]
[WhiteElo "2096"]
[BlackElo "1990"]

1. d4 Nf6 2. c4 g6 3. Nc3 Bg7 4. g3 d6 5. Bg2 O-O 6. Nf3 c6 7. O-O Bf5 8. Nh4 Be6
9. d5 cxd5 10. cxd5 Bd7 11. Be3 Na6 12. Bd4 Nc7 13. e4 Nb5 14. Nxb5 Bxb5 15. Re1
Nd7 16. Bxg7 Kxg7 17. a4 Ba6 18. b4 b6 19. f4 Bb7 20. e5 a5 21. e6 Nf6 22. g4
fxe6 23. Rxe6 Bc8 24. g5 Bxe6 25. gxf6+ Rxf6 26. dxe6 Rc8 27. Qd4 axb4 28. f5
Qc7 29. fxg6 hxg6 30. Qxb4 Qc4 31. Qxc4 Rxc4 32. Nf3 Rxe6 33. Ng5 Re5 34. h4 Ra5
35. Re1 Rxh4 36. Nf3 Rhxa4 37. Rxe7+ Kf6 38. Rd7 Rd5 39. Kf2 Rb4 40. Ke3 b5 41.
Bf1 g5 42. Nd2 Re5+ 43. Kd3 Ke6 44. Rg7 Rf4 45. Bg2 Ra4 46. Bb7 d5 47. Rg6+ Kf7
48. Rd6 d4 49. Ne4 g4 1/2-1/2

[Event "Ogolnopolska Olimpiada Mlodziezy w Sportach Umyslowych - C14"]
[Site "Walbrzych, Zamek Ksiaz"]
[Date "2013-04-17"]
[Round "5.2"]
[White "Grela, Kacper"]
[Black "Wacior, Maciej"]
[Result "1-0"]
[WhiteTitle "I"]
[BlackTitle "II+"]
[WhiteElo "1979"]
[BlackElo "1703"]

1. e4 c6 2. d4 d5 3. Nc3 dxe4 4. Nxe4 Bf5 5. Ng3 Bg6 6. h4 h6 7. Nf3 Nd7 8. h5
Bh7 9. Bd3 Bxd3 10. Qxd3 Ngf6 11. Bd2 Qc7 12. O-O-O O-O-O 13. Ne4 e6 14. g3 Nxe4
15. Qxe4 Nf6 16. Qe2 Bd6 17. c4 c5 18. Bc3 cxd4 19. Nxd4 a6 20. Nb3 Rhe8 21. Kb1
Qc6 22. Rhe1 Bc7 23. Bxf6 gxf6 24. a3 Qb6 25. Ka2 f5 26. Qf3 a5 27. c5 Qb5 28.
Qc3 a4 29. Nd4 Qa5 30. Qc4 Rd5 31. Qxd5 exd5 32. Rxe8+ Bd8 33. Nxf5 Qxc5 34. Ne7+
Kb8 35. Rxd8+ Ka7 36. Nxd5 Qxf2 37. Rd3 Qf5 38. Nc3 Qe6+ 39. R8d5 f5 40. Nxa4
Qf7 41. b3 Qxh5 42. Nb2 Qg4 43. R5d4 Qg5 44. Rf4 h5 45. Rdf3 Qg6 46. Rxf5 1-0

[Event "Ogolnopolska Olimpiada Mlodziezy w Sportach Umyslowych - C14"]
[Site "Walbrzych, Zamek Ksiaz"]
[Date "2013-04-17"]
[Round "5.3"]
[White "Janik, Igor"]
[Black "Mockun, Dawid"]
[Result "1-0"]
[WhiteTitle "I+"]
[BlackTitle "II+"]
[WhiteElo "1889"]
[BlackElo "1749"]

1. e4 e6 2. d4 d5 3. Nd2 dxe4 4. Nxe4 Nd7 5. Nf3 Ngf6 6. Bd3 Be7 7. O-O O-O 8.
c3 b6 9. Qe2 Bb7 10. Bf4 c5 11. Rad1 cxd4 12. cxd4 Nd5 13. Bd2 Nb4 14. Bxb4 Bxb4
15. a3 Be7 16. Ne5 Nf6 17. Nc3 Rc8 18. Ba6 Qc7 19. Rc1 Qb8 20. Bxb7 Qxb7 21. Rfd1
Rfd8 22. Nf3 h6 23. h3 Rd7 24. Ne5 Rdc7 25. Qe3 Nd5 26. Nxd5 Qxd5 27. Rxc7 Rxc7
28. Nxf7 Bf6 29. Ne5 Rc8 30. Ng4 Bg5 31. Qe2 Rd8 32. Qc2 Qf5 33. Qxf5 exf5 34.
Ne3 f4 35. Ng4 Rd6 36. Ne5 Rd5 37. Nf3 Bf6 38. g3 fxg3 39. fxg3 Kf7 40. Kf2 a5
41. Ke3 Rb5 42. Rd2 Ke6 43. Ke4 g6 44. Rc2 Kd6 45. g4 g5 46. Ne1 Rd5 47. Rd2 Rb5
48. Ng2 Rb3 49. Ne3 Ke6 50. Rc2 Kd7 51. Rf2 Bd8 52. Rh2 Bc7 53. Rf2 Bd8 54. Rh2
Bc7 55. Rg2 Bf4 56. Nd5 Bc1 57. Rf2 Bxb2 58. Rf7+ Ke8 59. Rb7 Bxa3 60. Ke5 Rb1
61. Rxb6 Rxb6 62. Nxb6 Kf7 63. Kd5 Bb4 64. Kc6 Kg6 65. d5 h5 66. d6 hxg4 67. hxg4
Kf7 68. Nd5 Bxd6 69. Kxd6 a4 70. Nc3 a3 71. Ke5 Kg6 72. Ke6 Kg7 73. Kf5 Kh6 74.
Kf6 Kh7 75. Kxg5 Kg7 76. Kf5 Kf7 77. g5 Kg7 78. g6 Kg8 79. Kf6 Kf8 80. g7+ Kg8
81. Na2 1-0

[Event "Ogolnopolska Olimpiada Mlodziezy w Sportach Umyslowych - C14"]
[Site "Walbrzych, Zamek Ksiaz"]
[Date "2013-04-17"]
[Round "5.4"]
[White "Wisniewski, Michal"]
[Black "Janiszewski, Filip"]
[Result "1/2-1/2"]
[WhiteTitle "I"]
[BlackTitle "I"]
[WhiteElo "1848"]
[BlackElo "1745"]

1. e4 e5 2. d4 exd4 3. Nf3 Nc6 4. Bc4 Nf6 5. O-O Nxe4 6. Re1 d5 7. Bxd5 Qxd5 8.
Nc3 Qh5 9. Nxe4 Be6 10. Bg5 Bd6 11. Nxd6+ cxd6 12. Bf4 Qd5 13. c3 O-O 14. Nxd4
Nxd4 15. Qxd4 Qxd4 16. cxd4 d5 17. Bd2 Rac8 18. Bb4 Rfe8 19. Rac1 Rxc1 20. Rxc1
Rc8 21. Rxc8+ Bxc8 22. f3 f6 23. Kf2 Kf7 24. Ke3 g6 25. Kf4 Bd7 26. h4 Bb5 27.
g3 Ke6 28. Bc5 a6 29. g4 Bc4 30. a3 Bb3 31. Ke3 f5 32. Kf4 fxg4 33. fxg4 h5 34.
gxh5 gxh5 35. Kg5 Bd1 36. Kg6 Be2 37. Bb4 Bd1 38. Bf8 Be2 39. Bc5 Bd1 40. Kg7
Bb3 41. Kf8 Kd7 42. Kf7 Bd1 1/2-1/2

[Event "Ogolnopolska Olimpiada Mlodziezy w Sportach Umyslowych - C14"]
[Site "Walbrzych, Zamek Ksiaz"]
[Date "2013-04-17"]
[Round "5.5"]
[White "Witczak, Jakub"]
[Black "Adamczewski, Maciej"]
[Result "1/2-1/2"]
[WhiteTitle "II+"]
[BlackTitle "I"]
[WhiteElo "1749"]
[BlackElo "1810"]

1. e4 c5 2. Nf3 e6 3. d4 cxd4 4. Nxd4 a6 5. Nc3 Qc7 6. Be2 Nf6 7. a3 Be7 8. O-O
d6 9. f4 Nc6 10. Be3 Nxd4 11. Bxd4 O-O 12. Kh1 e5 13. Be3 b5 14. Bf3 Bb7 15. Nd5
Bxd5 16. exd5 Rac8 17. Rc1 Qc4 18. b3 Qc3 19. Re1 Qa5 20. fxe5 dxe5 21. Bg5 Nxd5
22. Rxe5 Bxg5 23. Rxg5 Ne7 24. a4 Qb6 25. axb5 axb5 26. c4 bxc4 27. bxc4 Rfd8
28. Qc2 Qe3 29. Rb5 Rd2 30. Qb1 Ng6 31. Rb8 Rdd8 32. Rxc8 Rxc8 33. Re1 Qc3 34.
Bd5 Rf8 35. Qc1 Qd4 36. Qe3 Qxe3 37. Rxe3 Rc8 38. g3 Kf8 39. Kg2 f6 40. Rc3 Rc5
41. Kf3 Ne7 42. Rd3 Nxd5 43. cxd5 Ke7 44. Ke4 g6 45. Ra3 Rc4+ 46. Kd3 Rc7 47.
Kd4 1/2-1/2